El Mito del Estado
Saved in:
| Hovedforfatter: | |
|---|---|
| Format: | Bog |
| Sprog: | spansk |
| Udgivet: |
México, D.F.,
Fondo de Cultura Económica,
1947
|
| Udgivelse: | Primera edición |
| Serier: | Colección Popular, 90
|
| Fag: | |
| Tags: |
Tilføj Tag
Ingen Tags, Vær først til at tagge denne postø!
|
MARC
| LEADER | 00000cam a2200000 a 4500 | ||
|---|---|---|---|
| 001 | UCY1303 | ||
| 003 | CL-VaPUC | ||
| 005 | 20250313110309.0 | ||
| 008 | 940826e19680000MX |||||||||||||||||spa|d | ||
| 999 | |c 435667 |d 435665 | ||
| 020 | |a 968-16-0964- | ||
| 040 | |c Pontificia Universidad Católica de Valparaíso | ||
| 082 | 0 | 4 | |a 320.1 CAS 1947 |2 21 |
| 100 | 0 | |a Cassirer, Ernst |e autor |9 391 | |
| 245 | 1 | 3 | |a El Mito del Estado |
| 250 | |a Primera edición | ||
| 260 | |a México, D.F., |b Fondo de Cultura Económica, |c 1947 | ||
| 300 | |a 360 páginas | ||
| 490 | 0 | |a Colección Popular, 90 | |
| 500 | |a c.1.Donación Familia Prof. Alejandro Guzmán Brito | ||
| 583 | |a last modification |c 20130627 04:14:55 |k Catalogador Asistente | ||
| 650 | 0 | |a Estado |9 255503 | |
| 650 | 0 | |a Filosofía política |9 295215 | |
| 650 | 0 | |a Ciencias Políticas |9 255201 | |
| 942 | |c BK |2 ddc |n 0 | ||
| 945 | |d 19940826 00:00:00 |a aalvarez | ||